Top 10 villes où il fait bon vivre 2025 - Statistiques

Statistiques générales
  • Ce quiz a été pris 64 fois
  • Le résultat moyen est 4 sur 10
Statistiques - réponses
Hint Réponse % Correct
2 Angers
73%
10 Brest
58%
3 Annecy
54%
1 Biarritz
54%
6 La Rochelle
50%
4 Bayonne
46%
7 Lorient
38%
9 Anglet
23%
8 Cherbourg
19%
5 Rodez
6%
Aucun quiz correspondant
Distribution des résultats
% des personnes avec chaque résultat
Percentile par nombre de réponses
Votre historique - résultats
Vous n’avez pas pris ce quiz